[Event "AUTO-MASTER-796"]
[Site "http://www.queenalice.com/game.php?id=583670"]
[Date "2009.5.5"]
[Round "1"]
[White "technicaldraw"]
[Black "Lx_"]
[Result "1/2-1/2"]
[WhiteElo "2028"]
[BlackElo "1899"]

1. e4 e6 2. d4 d5 3. Nc3 Nf6 4. Bg5 Be7 5. e5 Nfd7 6. Bxe7 Qxe7 7. f4 c5 8. Nb5
Nb6 9. Nd6+ Kd8 10. dxc5 Na4 11. Qd4 Qd7 12. b3 Nxc5 13. Qxc5 b6 14. Qxc8+ Qxc8
15. Nxc8 Kxc8 16. Nf3 h6 17. Bb5 a6 18. Bd3 Nc6 19. c3 Kd7 20. Nd4 Nxd4 21. cxd4
Rhc8 22. Kd2 b5 23. Rhc1 g6 24. Rxc8 Rxc8 25. Rc1 Rxc1 26. Kxc1 Kc6 27. g4 a5
28. f5 g5 29. f6 b4 30. Bh7 Kd7 31. Bg8 Ke8 32. Kb2 Kf8 33. Bh7 Ke8 34. Kc2 Kf8
35. a3 Ke8 36. axb4 axb4 37. Kd3 Kf8 38. Ke3 Ke8 39. Bd3 Kf8 40. Bc4 Ke8 41. Bd3
Kf8 42. Bb5 1/2-1/2

[Event "AUTO-MASTER-796"]
[Site "http://www.queenalice.com/game.php?id=583671"]
[Date "2009.5.5"]
[Round "1"]
[White "Lx_"]
[Black "technicaldraw"]
[Result "1-0"]
[WhiteElo "1874"]
[BlackElo "2053"]

1. Nf3 Nf6 2. g3 d5 3. Bg2 c6 4. d3 Bg4 5. O-O Nbd7 6. Re1 e5 7. e4 dxe4 8. dxe4
Bc5 9. c3 O-O 10. b4 Be7 11. h3 Bxf3 12. Bxf3 Nb6 13. a4 Qxd1 14. Rxd1 Rad8 15.
Nd2 a6 16. a5 Nc8 17. Bb2 Nd6 18. c4 Nd7 19. h4 f6 20. Bg4 Kf7 21. Kg2 Nb8 22.
Bc3 g6 23. Rh1 h5 24. Be2 Kg7 25. f3 Nd7 26. Rag1 Nf7 27. Kf2 Nb8 28. f4 c5 29.
b5 axb5 30. cxb5 Rd7 31. Nc4 1-0

[Event "AUTO-MASTER-796"]
[Site "http://www.queenalice.com/game.php?id=583682"]
[Date "2009.5.5"]
[Round "1"]
[White "afonso092"]
[Black "Lx_"]
[Result "0-1"]
[WhiteElo "1976"]
[BlackElo "1916"]

1. e4 d6 2. d4 Nf6 3. Nc3 g6 4. Nf3 Bg7 5. h3 c6 6. Bc4 b5 7. Bd3 a6 8. a3 Bb7
9. O-O O-O 10. Bg5 Nbd7 11. Qe2 h6 12. Bf4 Re8 13. e5 Nh7 14. exd6 e6 15. Ne4 f5
16. Nc5 Nxc5 17. dxc5 Bc8 18. c3 g5 19. Be5 Qd7 20. Bxg7 Qxg7 21. Ne5 Nf8 22.
Nf3 e5 23. Bc2 e4 24. Nd4 Bd7 25. Bb3+ Kh8 26. Qh5 Re5 27. f4 Be8 28. Qe2 Rxc5
29. fxg5 Qxg5 30. Qf2 Bd7 31. Nf3 exf3 32. Qxf3 Ng6 33. Qd3 Re5 34. Qd4 f4 35.
Kh1 Bxh3 36. gxh3 Qg3 37. Be6 Re8 38. Rg1 Qf3+ 39. Kh2 Rxe6 40. Rxg6 Rxg6 41.
Qxe5+ Kh7 42. Qe7+ Rg7 43. Qxg7+ Kxg7 44. Rg1+ Kf7 45. d7 Ke7 46. Rg7+ Kd8 0-1

[Event "AUTO-MASTER-796"]
[Site "http://www.queenalice.com/game.php?id=583683"]
[Date "2009.5.5"]
[Round "1"]
[White "Lx_"]
[Black "afonso092"]
[Result "0-1"]
[WhiteElo "1937"]
[BlackElo "1989"]

1. e4 e5 2. Nc3 Nf6 3. f4 d6 4. fxe5 dxe5 5. Nf3 Bd6 6. Bc4 h6 7. d4 exd4 8.
Nxd4 O-O 9. Nf5 Bxf5 10. exf5 Bc5 11. Qxd8 Rxd8 12. Bd2 Re8+ 13. Be2 Nc6 14.
O-O-O a6 15. a3 Bd4 16. Rhe1 Be5 17. h3 Re7 18. Bd3 Rae8 19. g4 Nd4 20. Ne4 Nf3
21. Nxf6+ Bxf6 22. Rxe7 Rxe7 23. Bb4 Rd7 24. Rf1 Ne5 25. Be4 c6 26. b3 b6 27.
Bc3 c5 28. Rg1 Nf3 29. Rf1 Nd4 30. Bxd4 Rxd4 31. Bd3 a5 32. Kd2 Bg5+ 33. Ke2 Kf8
34. c3 Rd5 35. Re1 Re5+ 36. Kf2 Rxe1 37. Kxe1 Bc1 38. a4 f6 39. Ke2 Bf4 40. Kf3
Be5 41. c4 Ke7 42. Be4 Kd6 43. Bd5 Bb2 44. Kg3 Ke5 45. Kh4 Bc1 46. Kh5 Kd4 47.
Kg6 Bg5 48. h4 Bxh4 49. Kxg7 Bg5 50. Bf3 Kc3 51. Bd1 Kd2 52. Bf3 Kc2 53. Kf7
Kxb3 54. Bc6 Kxc4 55. Ke6 Kb4 56. Kd6 c4 57. Be4 Kxa4 58. Bc2+ Kb4 0-1

[Event "AUTO-MASTER-796"]
[Site "http://www.queenalice.com/game.php?id=583690"]
[Date "2009.5.5"]
[Round "1"]
[White "Lx_"]
[Black "VladimirSpirin"]
[Result "0-1"]
[WhiteElo "1944"]
[BlackElo "2095"]

1. e4 b6 2. d4 Bb7 3. Nc3 g6 4. Be3 Bg7 5. f4 e6 6. Qd2 d6 7. g4 a6 8. g5 Ne7 9.
h4 h5 10. gxh6 Bxh6 11. h5 f5 12. Bd3 Qd7 13. Nf3 Nbc6 14. hxg6 Nxg6 15. Qg2
Nge7 16. Ng5 O-O-O 17. Nf7 Rdg8 18. Qf3 Rh7 19. Nxh6 Rgh8 20. O-O-O Rxh6 21.
Rxh6 Rxh6 22. Rh1 Rxh1+ 23. Qxh1 Qe8 24. exf5 exf5 25. Qh3 Qf8 26. Ne2 Kb8 27.
Ng3 Bc8 28. c3 Kb7 29. Qf1 Nb8 30. Qf3+ Ka7 31. d5 Kb7 32. b4 Bd7 33. Kb2 Qf7
34. c4 Qf6+ 35. Kb3 Be8 36. c5 bxc5 37. bxc5 Bf7 38. Bc4 Qg6 39. c6+ Kc8 40. Ne2
Qg8 41. Nc3 Nexc6 42. Ka4 Ne7 43. Ba7 Kb7 44. Bxb8 Qxb8 45. Qd3 Qa7 46. Kb3 Qb6+
47. Ka3 a5 48. Nb5 Qc5+ 49. Kb2 Qb4+ 50. Kc2 Qc5 51. Nc3 Qf2+ 52. Kb3 Qb6+ 53.
Kc2 Qc5 54. Kd2 Qf2+ 55. Ne2 Kc8 56. Qb3 Qb6 57. Qxb6 cxb6 58. Nc3 Be8 59. Ke3
Bd7 60. a3 Kd8 61. Kd4 Nc8 62. Ke3 Na7 63. a4 Ke7 64. Kf3 Kf6 65. Kg3 Kg6 66.
Kf3 Kh5 67. Kg3 Be8 68. Bd3 Bd7 69. Be2+ Kg6 70. Kh4 Kh6 71. Bd3 Kg6 72. Be2 Kf6
73. Kh5 Be8+ 74. Kh6 Bd7 0-1

[Event "AUTO-MASTER-796"]
[Site "http://www.queenalice.com/game.php?id=583691"]
[Date "2009.5.5"]
[Round "1"]
[White "VladimirSpirin"]
[Black "Lx_"]
[Result "0-1"]
[WhiteElo "2111"]
[BlackElo "1927"]

1. b3 e6 2. Bb2 Nf6 3. g3 d5 4. Bg2 c5 5. d3 Nc6 6. e3 b6 7. Nd2 a5 8. Ne2 Bd6
9. a3 Bb7 10. h3 Qe7 11. c4 Ne5 12. Nf3 Nxf3+ 13. Bxf3 d4 14. e4 e5 15. a4 h5
16. Bc1 O-O-O 17. Bg5 Kc7 18. Ng1 g6 19. Bg2 Qe6 20. Nf3 Be7 21. Qc1 Rdg8 22. h4
Bc8 23. Bh3 Ng4 24. Nh2 f6 25. Bd2 Qf7 26. f3 Nxh2 27. Rxh2 Bxh3 28. Rxh3 f5 29.
Ke2 fxe4 30. fxe4 Qe6 31. Qh1 Qg4+ 32. Ke1 Rf8 33. Qg2 Rf3 34. Rh1 Rxg3 35. Qe2
Rg1+ 36. Rxg1 Bxh4+ 37. Kd1 Qxg1+ 38. Be1 Qxe1+ 39. Qxe1 Bxe1 40. Kxe1 Rf8 41.
Ke2 Kd7 42. Rg1 Rf6 43. Rg5 Re6 44. Kf3 Ke7 45. Kg2 Kf6 46. Rg3 g5 47. Kh3 Kg6
48. Kg2 Rf6 49. Rh3 g4 50. Rh1 Kg5 51. Rd1 Rf3 52. Rd2 h4 53. Rd1 Kf4 54. Rh1
h3+ 55. Kh2 Rxd3 56. Rf1+ Rf3 0-1

[Event "AUTO-MASTER-812"]
[Site "http://www.queenalice.com/game.php?id=594177"]
[Date "2009.5.27"]
[Round "1"]
[White "Papachibe"]
[Black "Lx_"]
[Result "1-0"]
[WhiteElo "2008"]
[BlackElo "1832"]

1. e4 e6 2. d4 d5 3. exd5 exd5 4. Bd3 Nf6 5. Bg5 Be7 6. Nf3 h6 7. Bh4 Bg4 8. O-O
O-O 9. Re1 Nbd7 10. Nbd2 Re8 11. c3 Bd6 12. Qb3 Rb8 13. Rxe8+ Qxe8 14. Re1 Be6
15. Bf5 g5 16. Bg3 Bxg3 17. hxg3 g4 18. Nh4 Nf8 19. Bxe6 fxe6 20. Nf5 Kh7 21.
Ne3 c6 22. Qa3 a6 23. Qd6 Qd8 24. Qe5 Rc8 25. f3 1-0

[Event "AUTO-MASTER-812"]
[Site "http://www.queenalice.com/game.php?id=594178"]
[Date "2009.5.27"]
[Round "1"]
[White "Lx_"]
[Black "Papachibe"]
[Result "0-1"]
[WhiteElo "1842"]
[BlackElo "1998"]

1. e4 c5 2. Nf3 g6 3. d4 Bg7 4. Nc3 cxd4 5. Nxd4 Nc6 6. Be3 Nf6 7. Qd2 Nxd4 8.
Bxd4 O-O 9. O-O-O d6 10. f3 Qa5 11. Bc4 a6 12. h4 b5 13. Bb3 Be6 14. Bxe6 fxe6
15. a3 b4 16. Na2 Qb5 17. Qxb4 Qe2 18. Qd2 Qxd2+ 19. Rxd2 Bh6 20. g4 Bxd2+ 21.
Kxd2 e5 22. Be3 d5 23. g5 Nh5 24. exd5 Rxf3 25. c4 Ng3 26. Rg1 Nf5 27. Bb6 Rb8
28. c5 Rf2+ 29. Kc1 Nd4 30. Nc3 Rc8 31. c6 Nb3+ 0-1

[Event "AUTO-MASTER-812"]
[Site "http://www.queenalice.com/game.php?id=594195"]
[Date "2009.5.27"]
[Round "1"]
[White "Lx_"]
[Black "Soncini"]
[Result "0-1"]
[WhiteElo "1972"]
[BlackElo "2091"]

1. e4 e6 2. b3 d5 3. Bb2 dxe4 4. Nc3 Nf6 5. Qe2 Bd7 6. Nxe4 Nxe4 7. Qxe4 Bc6 8.
Bb5 Bxb5 9. Qxb7 Bc6 10. Qxa8 Bxa8 0-1

[Event "AUTO-MASTER-812"]
[Site "http://www.queenalice.com/game.php?id=594196"]
[Date "2009.5.27"]
[Round "1"]
[White "Soncini"]
[Black "Lx_"]
[Result "1-0"]
[WhiteElo "2076"]
[BlackElo "1823"]

1. d4 Nf6 2. Nd2 g6 3. e4 d6 4. Bc4 e5 5. c3 Nc6 6. Ngf3 Bg7 7. Bb5 Bd7 8. O-O
O-O 9. dxe5 Nxe5 10. Bxd7 Qxd7 11. Nxe5 dxe5 12. f3 1-0

[Event "AUTO-MASTER-812"]
[Site "http://www.queenalice.com/game.php?id=594197"]
[Date "2009.5.27"]
[Round "1"]
[White "Lx_"]
[Black "ravague"]
[Result "0-1"]
[WhiteElo "1961"]
[BlackElo "1939"]

1. e4 e5 2. Nf3 Nc6 3. d4 exd4 4. Nxd4 Bc5 5. Nxc6 Bxf2+ 6. Kxf2 Qf6+ 7. Qf3
Qxc6 8. Nc3 Ne7 9. Be3 O-O 10. Bb5 Qg6 0-1